Statistics for Chess World Champions by Picture

Click here to take the quiz!

General Stats

  • This quiz has been taken 23 times
  • The average score is 11 of 16

Answer Stats

Answer% Correct
Bobby Fischer
95%
Garry Kasparov
95%
Magnus Carlsen
90%
Mikhail Tal
85%
Anatoly Karpov
80%
Viswanathan Anand
80%
Vladimir Kramnik
75%
Boris Spassky
65%
Jose Raul Capablanca
65%
Tigran Petrosian
65%
Emanuel Lasker
60%
Alexander Alekhine
55%
Wilhelm Steinitz
55%
Max Euwe
50%
Mikhail Botvinnik
50%
Vasily Smyslov
35%

Score Distribution

Percentile by Number Answered

Percent of People with Each Score

Your Score History

You have not taken this quiz